[Event "Cairo Egyptian op"]
[Site "Cairo"]
[Date "2015.11.15"]
[Round "1"]
[White "Alhedhed, Mohamed Fathy"]
[Black "Farahat, Ali"]
[Result "0-1"]
[WhiteElo "1748"]
[BlackElo "2399"]
[PlyCount "30"]
[EventDate "2015.11.15"]
[EventType "swiss"]
[EventRounds "11"]
[EventCountry "EGY"]
[SourceTitle "CBM 170 Extra"]
[Source "ChessBase"]
[SourceDate "2016.02.25"]
[SourceVersion "1"]
[SourceVersionDate "2016.02.25"]
[SourceQuality "1"]

1. b3 e5 2. Bb2 Nc6 3. e3 Nf6 4. Bb5 Bd6 5. Nf3 e4 6. Nd4 a6 7. Bxc6 dxc6 8. 0-0 Bxh2+ 9. Kxh2 Ng4+ 10. Kg3 h5 11. Nf3 h4+ 12. Kf4 g5+ 13. Nxg5 Qd6+ 14. Kxe4 Qd5+ 15. Kf4 Qf5# 0-1